[Event "TCh-FRA Top 12 2018"]
[Site "Brest FRA"]
[Date "2018.06.05"]
[Round "11.4"]
[Board "6"]
[White "Vitoux, Colomban"]
[Black "Bellaiche, Anthony"]
[Result "1-0"]
[WhiteTitle "IM"]
[BlackTitle "IM"]
[WhiteElo "2384"]
[BlackElo "2459"]
[WhiteTeam "Metz Fischer"]
[BlackTeam "Tremblay en France"]
[WhiteFideId "628549"]
[BlackFideId "615668"]
[EventDate "2018.05.26"]

1. e4 c5 2. Nf3 e6 3. c4 Nc6 4. Nc3 Nf6 5. Be2 Qb6 6. a3 Be7 7. Rb1 Qc7 8. O-O
O-O 9. d4 cxd4 10. Nxd4 b6 11. b4 Bb7 12. Ndb5 Qb8 13. f4 d6 14. Be3 Rd8 15. Bf3
a6 16. Bxb6 Rc8 17. Nd4 Nd7 18. Nxc6 Rxc6 19. Bd4 Rxc4 20. Qd3 Rc8 21. Rfc1 Bf6
22. Bxf6 Nxf6 23. Ne2 Qa7+ 24. Kf1 e5 25. Qxd6 Qe3 26. Rxc8+ Rxc8 27. Rd1 h6 28.
fxe5 Nxe4 29. Qd4 Qb3 30. Qd3 Qxd3 31. Rxd3 Rc2 32. Rd4 Nd2+ 33. Rxd2 Rxd2 34.
Bxb7 Ra2 35. Bxa6 Rxa3 36. b5 Rb3 37. Kf2 Kf8 38. Nd4 Rb2+ 39. Kf3 Ke7 40. Bb7
f6 41. e6 Kd6 42. Bc8 g6 43. g4 1-0

[Event "TCh-FRA Top 12 2018"]
[Site "Brest FRA"]
[Date "2018.06.05"]
[Round "11.4"]
[Board "7"]
[White "Shchekachev, Andrei"]
[Black "Terrieux, Kevin"]
[Result "1/2-1/2"]
[WhiteTitle "GM"]
[BlackTitle "IM"]
[WhiteElo "2540"]
[BlackElo "2462"]
[WhiteTeam "Tremblay en France"]
[BlackTeam "Metz Fischer"]
[WhiteFideId "4107730"]
[BlackFideId "622591"]
[EventDate "2018.05.26"]

1. Nf3 d5 2. d4 Nf6 3. c4 e6 4. Nc3 Bb4 5. Bg5 dxc4 6. Qa4+ Nc6 7. e4 Bd7 8. Qc2
h6 9. Bd2 b5 10. Nxb5 Bxd2+ 11. Nxd2 a6 12. Nc3 Nxd4 13. Qd1 O-O 14. Bxc4 Bb5
15. O-O Qd6 16. Re1 Qe5 17. a4 Bc6 18. Nf3 Nxf3+ 19. Qxf3 Rfd8 1/2-1/2

[Event "TCh-FRA Top 12 2018"]
[Site "Brest FRA"]
[Date "2018.06.05"]
[Round "11.4"]
[Board "8"]
[White "Benmesbah, Natacha"]
[Black "Aflalo, Sophie"]
[Result "0-1"]
[WhiteTitle "WIM"]
[WhiteElo "2264"]
[BlackElo "2104"]
[WhiteTeam "Metz Fischer"]
[BlackTeam "Tremblay en France"]
[WhiteFideId "642002"]
[BlackFideId "656887"]
[EventDate "2018.05.26"]

1. e4 c5 2. Nf3 Nc6 3. Bb5 g6 4. O-O Bg7 5. Re1 Nf6 6. e5 Ng4 7. Bxc6 dxc6 8. h3
Nh6 9. d3 O-O 10. Nc3 b6 11. Bf4 Nf5 12. Qd2 h6 13. Ne4 Kh7 14. c3 f6 15. Rad1
Qd5 16. exf6 exf6 17. h4 g5 18. hxg5 hxg5 19. Bg3 Nxg3 20. Nxg3 Bg4 21. Re3 Kg6
22. Rde1 Bxf3 23. Rxf3 f5 24. Rfe3 f4 25. Re6+ Bf6 26. Nf1 Rad8 27. d4 cxd4 28.
cxd4 Qxd4 29. Qc2+ Kg7 30. Nh2 Rd6 31. Nf3 Rxe6 32. Rxe6 Qxb2 33. Qxc6 Qb1+ 34.
Re1 Qxa2 35. Qb5 Qa5 36. Qd7+ Rf7 37. Qg4 Re7 38. Rxe7+ Bxe7 39. Qe6 Qa1+ 40.
Kh2 Qf6 41. Qd7 a5 42. Nd4 Kg6 43. Qe8+ Kh7 44. Kg1 Qxd4 45. Qxe7+ Kg6 46. Qe8+
Kf5 47. Qf7+ Ke5 48. Qe7+ Kd5 49. Qxg5+ Kc4 50. Qg8+ Kc3 51. Qa2 Qd1+ 52. Kh2 a4
53. Qa3+ Kc4 54. Qa2+ Qb3 55. Qe2+ Qd3 56. Qe6+ Kc5 57. Qe5+ Qd5 58. Qc7+ Qc6
59. Qe5+ Qd5 60. Qc7+ Kb5 61. Qxf4 a3 62. Qc1 Qe5+ 63. f4 Qh8+ 64. Kg3 a2 65.
Qf1+ Kb4 66. Qa6 Qc3+ 67. Kh2 a1=Q 68. Qxb6+ Kc4 69. Qe6+ Kd3 70. Qd5+ Qd4 71.
Qf3+ Qe3 72. Qd5+ Qad4 73. Qf5+ Ke2 74. Qh5+ Kf1 0-1

[Event "TCh-FRA Top 12 2018"]
[Site "Brest FRA"]
[Date "2018.06.05"]
[Round "11.5"]
[Board "1"]
[White "Lagarde, Maxime"]
[Black "Donchenko, Alexander"]
[Result "1/2-1/2"]
[WhiteTitle "GM"]
[BlackTitle "GM"]
[WhiteElo "2604"]
[BlackElo "2587"]
[WhiteTeam "NICE Alekhine"]
[BlackTeam "VANDOEUVRE-Echecs"]
[WhiteFideId "662399"]
[BlackFideId "24603295"]
[EventDate "2018.05.26"]

1. e4 c5 2. Nc3 d6 3. d4 cxd4 4. Qxd4 a6 5. b3 Nc6 6. Qd2 Nf6 7. Bb2 e6 8. O-O-O
Be7 9. f3 b5 10. Kb1 Bb7 11. g4 h6 12. Qe3 Nd7 13. f4 Qb6 14. Qe1 Rg8 15. Nf3 g5
16. Nd5 exd5 17. exd5 gxf4 18. dxc6 Qxc6 19. Be2 Rxg4 20. Rf1 Rg2 21. Bd3 Nc5
22. Bf5 Ne6 23. Nd4 Nxd4 24. Rxd4 f3 25. Be4 Qc7 26. Rxf3 Bxe4 27. Qxe4 Rc8 28.
Bc3 Qd7 29. Rxf7 Rg1+ 30. Kb2 Rxc3 31. Rh7 Rc5 32. Qa8+ Qc8 33. Rh8+ Bf8 34.
Qe4+ Kd7 35. b4 Rxc2+ 36. Qxc2 Qxc2+ 37. Kxc2 Bg7 38. Rh7 Ke6 39. Rf4 Rg2+ 40.
Kd3 Be5 41. Rxh6+ Kd5 42. Rh5 Rxa2 43. Rd4+ Kc6 44. Rg4 Kd5 1/2-1/2

[Event "TCh-FRA Top 12 2018"]
[Site "Brest FRA"]
[Date "2018.06.05"]
[Round "11.5"]
[Board "2"]
[White "Bailet, Pierre"]
[Black "Eljanov, Pavel"]
[Result "0-1"]
[WhiteTitle "IM"]
[BlackTitle "GM"]
[WhiteElo "2501"]
[BlackElo "2702"]
[WhiteTeam "VANDOEUVRE-Echecs"]
[BlackTeam "NICE Alekhine"]
[WhiteFideId "655830"]
[BlackFideId "14102951"]
[EventDate "2018.05.26"]

1. e4 c6 2. Nf3 d5 3. Nc3 Bg4 4. h3 Bxf3 5. Qxf3 Nf6 6. Be2 e6 7. O-O Bc5 8. Rd1
Bd4 9. exd5 cxd5 10. Nb5 Bb6 11. c4 a6 12. Nc3 Nc6 13. cxd5 Nd4 14. Qg3 O-O 15.
d3 Nxd5 16. Bf3 Bc7 17. Qg4 Nf6 18. Bg5 Nxg4 19. Bxd8 Nxf3+ 20. gxf3 Bh2+ 0-1

[Event "TCh-FRA Top 12 2018"]
[Site "Brest FRA"]
[Date "2018.06.05"]
[Round "11.5"]
[Board "3"]
[White "Gharamian, Tigran"]
[Black "Solodovnichenko, Yuri"]
[Result "1/2-1/2"]
[WhiteTitle "GM"]
[BlackTitle "GM"]
[WhiteElo "2614"]
[BlackElo "2531"]
[WhiteTeam "NICE Alekhine"]
[BlackTeam "VANDOEUVRE-Echecs"]
[WhiteFideId "13301527"]
[BlackFideId "14104369"]
[EventDate "2018.05.26"]

1. e4 c5 2. Nf3 d6 3. Bb5+ Nd7 4. d4 cxd4 5. Qxd4 e5 6. Qd3 a6 7. Bxd7+ Bxd7 8.
c4 Rc8 9. a4 b5 10. axb5 axb5 11. b3 bxc4 12. bxc4 Be7 13. O-O Be6 14. Ra4 1/2-1/2

[Event "TCh-FRA Top 12 2018"]
[Site "Brest FRA"]
[Date "2018.06.05"]
[Round "11.5"]
[Board "4"]
[White "Cossin, Sebastien"]
[Black "Demuth, Adrien"]
[Result "1/2-1/2"]
[WhiteTitle "IM"]
[BlackTitle "GM"]
[WhiteElo "2498"]
[BlackElo "2542"]
[WhiteTeam "VANDOEUVRE-Echecs"]
[BlackTeam "NICE Alekhine"]
[WhiteFideId "618802"]
[BlackFideId "642274"]
[EventDate "2018.05.26"]

1. d4 Nf6 2. c4 c5 3. d5 e6 4. Nc3 exd5 5. cxd5 d6 6. e4 g6 7. Nf3 Bg7 8. Nd2
O-O 9. Be2 Re8 10. O-O a6 11. a4 Nbd7 12. f4 c4 13. e5 dxe5 14. Nxc4 Nb6 15.
fxe5 1/2-1/2

[Event "TCh-FRA Top 12 2018"]
[Site "Brest FRA"]
[Date "2018.06.05"]
[Round "11.5"]
[Board "5"]
[White "Wagner, Dennis"]
[Black "Hamitevici, Vladimir"]
[Result "1/2-1/2"]
[WhiteTitle "GM"]
[BlackTitle "GM"]
[WhiteElo "2567"]
[BlackElo "2508"]
[WhiteTeam "NICE Alekhine"]
[BlackTeam "VANDOEUVRE-Echecs"]
[WhiteFideId "24650684"]
[BlackFideId "13902393"]
[EventDate "2018.05.26"]

1. e4 d6 2. d4 Nf6 3. Nc3 e5 4. Nf3 Nbd7 5. Bc4 Be7 6. a4 O-O 7. O-O a6 8. a5 b5
9. axb6 cxb6 10. Qe2 Bb7 11. dxe5 dxe5 12. Rd1 b5 13. Bd5 Qc7 14. Bg5 Rfe8 15.
Bxb7 Qxb7 16. h3 b4 17. Nd5 Nxd5 18. Rxd5 Bxg5 19. Nxg5 Nf6 20. Rda5 h6 21. Nf3
Qxe4 22. Qxe4 Nxe4 23. R1a4 Rad8 24. Rxe5 Rxe5 25. Nxe5 Rd1+ 26. Kh2 f6 27. Nc6
Nxf2 28. Nxb4 Rd2 29. b3 f5 30. c4 f4 31. Ra2 Rxa2 32. Nxa2 Ne4 33. b4 Kf7 34.
b5 axb5 35. cxb5 Ke6 36. Nb4 g5 37. h4 Kd6 38. Nd3 Nf6 39. hxg5 hxg5 40. Kh3 1/2-1/2

[Event "TCh-FRA Top 12 2018"]
[Site "Brest FRA"]
[Date "2018.06.05"]
[Round "11.5"]
[Board "6"]
[White "Steil-Antoni, Fiona"]
[Black "Stevic, Hrvoje"]
[Result "0-1"]
[WhiteTitle "WIM"]
[BlackTitle "GM"]
[WhiteElo "2200"]
[BlackElo "2588"]
[WhiteTeam "VANDOEUVRE-Echecs"]
[BlackTeam "NICE Alekhine"]
[WhiteFideId "4001249"]
[BlackFideId "14502569"]
[EventDate "2018.05.26"]

1. e4 c5 2. Nc3 a6 3. g3 b5 4. Bg2 Bb7 5. Nge2 Nf6 6. d3 e6 7. O-O Qc7 8. Qe1 d6
9. Nd1 d5 10. exd5 Bxd5 11. Bxd5 Nxd5 12. Nf4 Nxf4 13. Bxf4 Bd6 14. Bxd6 Qxd6
15. a4 b4 16. Ne3 Nc6 17. Nc4 Qc7 18. Qe4 O-O 19. c3 Rab8 20. f4 g6 21. Ne5 Nxe5
22. fxe5 bxc3 23. bxc3 Rb3 24. Qc4 Rb2 25. Qf4 Rfb8 26. h4 R8b3 27. h5 Rxc3 28.
Rab1 0-1

[Event "TCh-FRA Top 12 2018"]
[Site "Brest FRA"]
[Date "2018.06.05"]
[Round "11.5"]
[Board "7"]
[White "Flear, Glenn C"]
[Black "Iglesias, Joachim"]
[Result "1-0"]
[WhiteTitle "GM"]
[WhiteElo "2444"]
[BlackElo "2249"]
[WhiteTeam "NICE Alekhine"]
[BlackTeam "VANDOEUVRE-Echecs"]
[WhiteFideId "400165"]
[BlackFideId "637823"]
[EventDate "2018.05.26"]

1. d4 d6 2. e4 Nf6 3. Nc3 g6 4. Be3 c6 5. h3 Nbd7 6. f4 b5 7. a3 Nb6 8. Nf3 d5
9. e5 Nh5 10. Kf2 Ng7 11. g4 h5 12. Rg1 e6 13. Bd3 Be7 14. a4 Nc4 15. Bc1 b4 16.
Ne2 c5 17. b3 Na5 18. dxc5 hxg4 19. hxg4 Bxc5+ 20. Be3 Bxe3+ 21. Kxe3 Qb6+ 22.
Ned4 Bd7 23. Rh1 Ke7 24. Qd2 Nc6 25. Rh2 g5 26. fxg5 Nxd4 27. Nxd4 Qb8 28. Nf3
Qb6+ 29. Kf4 Bc6 30. Rah1 Rxh2 31. Rxh2 1-0

[Event "TCh-FRA Top 12 2018"]
[Site "Brest FRA"]
[Date "2018.06.05"]
[Round "11.5"]
[Board "8"]
[White "Partac, Elena"]
[Black "Bollengier, Andreea"]
[Result "1/2-1/2"]
[WhiteTitle "WGM"]
[BlackTitle "WIM"]
[WhiteElo "2091"]
[BlackElo "2260"]
[WhiteTeam "VANDOEUVRE-Echecs"]
[BlackTeam "NICE Alekhine"]
[WhiteFideId "13901001"]
[BlackFideId "1203347"]
[EventDate "2018.05.26"]

1. e4 c6 2. d4 d5 3. exd5 cxd5 4. Bd3 Nc6 5. c3 Qc7 6. Ne2 Bg4 7. O-O e6 8. f3
Bh5 9. Bf4 Bd6 10. Qd2 Nge7 11. Na3 a6 12. Bxd6 Qxd6 13. Nf4 Bg6 14. Rae1 O-O
15. Nc2 b5 16. Bxg6 Nxg6 17. Nd3 e5 18. dxe5 Ngxe5 19. Nxe5 Nxe5 20. Qd4 Qd8 21.
Qd1 1/2-1/2

[Event "TCh-FRA Top 12 2018"]
[Site "Brest FRA"]
[Date "2018.06.05"]
[Round "11.6"]
[Board "1"]
[White "Miton, Kamil"]
[Black "Navara, David"]
[Result "1/2-1/2"]
[WhiteTitle "GM"]
[BlackTitle "GM"]
[WhiteElo "2604"]
[BlackElo "2727"]
[WhiteTeam "C.E. de BOIS COLOMBES"]
[BlackTeam "MULHOUSE Philidor"]
[WhiteFideId "1111914"]
[BlackFideId "309095"]
[EventDate "2018.05.26"]

1. e4 c5 2. Nf3 d6 3. Bb5+ Nd7 4. d4 cxd4 5. Qxd4 a6 6. Bxd7+ Bxd7 7. Nc3 e5 8.
Qd3 h6 9. Nd2 Rc8 10. Nc4 Qc7 11. Ne3 Nf6 12. a4 Be7 13. O-O Be6 14. Rd1 O-O 15.
Bd2 Bc4 16. Nxc4 Qxc4 17. Be3 b5 18. axb5 axb5 19. Nxb5 Qxc2 20. Qxc2 Rxc2 21.
Nxd6 Bxd6 22. Rxd6 Rxb2 23. f3 Rc8 24. Rd2 Rxd2 1/2-1/2

[Event "TCh-FRA Top 12 2018"]
[Site "Brest FRA"]
[Date "2018.06.05"]
[Round "11.6"]
[Board "2"]
[White "Bluebaum, Matthias"]
[Black "Laznicka, Viktor"]
[Result "1-0"]
[WhiteTitle "GM"]
[BlackTitle "GM"]
[WhiteElo "2633"]
[BlackElo "2671"]
[WhiteTeam "MULHOUSE Philidor"]
[BlackTeam "C.E. de BOIS COLOMBES"]
[WhiteFideId "24651516"]
[BlackFideId "316385"]
[EventDate "2018.05.26"]

1. d4 f5 2. g3 Nf6 3. Bg2 g6 4. Nf3 Bg7 5. c4 O-O 6. b3 c5 7. O-O Nc6 8. Bb2 Ne4
9. e3 e6 10. Qe2 d6 11. dxc5 dxc5 12. Bxg7 Kxg7 13. Nfd2 Nxd2 14. Qxd2 Qxd2 15.
Nxd2 Bd7 16. Nb1 Rfd8 17. Nc3 Be8 18. Nb5 Rd7 19. Bxc6 bxc6 20. Nc3 Rd2 21. Rfd1
Rad8 22. Kf1 R8d7 23. Ke1 Rc2 24. Rxd7+ Bxd7 25. Na4 Be8 26. Nxc5 e5 27. a4 g5
28. Rd1 Bh5 29. Rd7+ Kg8 30. Nd3 e4 31. Ne5 Bf3 32. Rxa7 Re2+ 33. Kf1 Rb2 34.
Ke1 Re2+ 35. Kd1 Rxf2+ 36. Kc1 Bh1 37. a5 f4 38. gxf4 gxf4 39. Ng4 fxe3 40. Nxe3
Re2 41. a6 Rxe3 42. Rb7 1-0

[Event "TCh-FRA Top 12 2018"]
[Site "Brest FRA"]
[Date "2018.06.05"]
[Round "11.6"]
[Board "3"]
[White "Zhigalko, Sergei"]
[Black "Heimann, Andreas"]
[Result "1/2-1/2"]
[WhiteTitle "GM"]
[BlackTitle "GM"]
[WhiteElo "2606"]
[BlackElo "2589"]
[WhiteTeam "C.E. de BOIS COLOMBES"]
[BlackTeam "MULHOUSE Philidor"]
[WhiteFideId "13502956"]
[BlackFideId "24624632"]
[EventDate "2018.05.26"]

1. Nf3 d5 2. d4 Nf6 3. c4 e6 4. Nc3 Bb4 5. e3 O-O 6. Bd3 c5 7. O-O cxd4 8. exd4
dxc4 9. Bxc4 b6 10. Bg5 Bb7 11. Ne5 Nbd7 12. Nxd7 Qxd7 13. Bxf6 gxf6 14. d5 Bxc3
15. bxc3 Bxd5 16. Qg4+ Kh8 17. Qh4 Kg7 18. Rad1 Qc6 19. Bxd5 exd5 20. Rd3 f5 21.
Qg3+ Kh8 22. Qe5+ f6 23. Qxf5 Rad8 24. Re1 Rfe8 25. Rde3 Re4 26. f3 Rxe3 27.
Rxe3 Rf8 28. h4 Qd6 29. h5 d4 30. Rd3 Qc5 31. Qxc5 bxc5 32. cxd4 Rd8 33. d5 c4
34. Rd4 c3 35. g4 f5 36. Kf2 fxg4 37. fxg4 c2 38. Rc4 Rxd5 39. Rxc2 Ra5 40. h6
Kg8 41. Kg3 Kf7 42. Kh4 Kg6 43. Rc6+ Kf7 44. g5 Rxa2 45. Rc7+ Kg8 46. Rc8+ Kf7
47. Rh8 Kg6 48. Rg8+ Kf5 49. Rf8+ Ke6 50. Rh8 Kf5 51. Rxh7 Rh2+ 52. Kg3 Rh5 53.
Rg7 a5 54. h7 a4 55. g6 a3 56. Ra7 Kxg6 57. Rxa3 Rxh7 58. Ra6+ Kg7 59. Ra7+ Kg6
60. Rxh7 Kxh7 1/2-1/2

[Event "TCh-FRA Top 12 2018"]
[Site "Brest FRA"]
[Date "2018.06.05"]
[Round "11.6"]
[Board "5"]
[White "Vernay, Clovis"]
[Black "Istratescu, Andrei"]
[Result "1/2-1/2"]
[WhiteTitle "IM"]
[BlackTitle "GM"]
[WhiteElo "2513"]
[BlackElo "2589"]
[WhiteTeam "C.E. de BOIS COLOMBES"]
[BlackTeam "MULHOUSE Philidor"]
[WhiteFideId "633046"]
[BlackFideId "1200372"]
[EventDate "2018.05.26"]

1. d4 Nf6 2. c4 g6 3. Nc3 Bg7 4. e4 d6 5. f3 O-O 6. Bg5 a6 7. a4 c6 8. Be3 a5 9.
Bd3 e5 10. d5 Na6 11. Rc1 Nd7 12. Nge2 Qh4+ 13. Bf2 Qg5 14. h4 Qe7 15. Qd2 Ndc5
16. Rd1 Nb3 17. Qg5 f6 18. Qe3 c5 19. Nb5 Nb4 20. Bb1 Nd4 21. Qd2 f5 22. Nec3 f4
23. Na2 Nxa2 24. Bxa2 Bd7 25. Qd3 b6 26. b3 Bf6 27. Kd2 Rf7 28. Bb1 Raf8 29. Rh2
Rg7 30. Rdh1 Nxb5 31. cxb5 Kf7 32. Qc4 Ke8 33. Bd3 Qf7 34. Bf1 h6 35. Qc1 Rfg8
36. Be2 Rh8 37. Kc2 Rgg8 38. Qe1 Ke7 39. Qd1 Be8 40. Kd3 Qf8 41. Kd2 Rh7 42. Kc2
Qg7 43. Qe1 Rgh8 44. Qd1 g5 45. hxg5 hxg5 46. Rxh7 Rxh7 47. Qg1 Qh8 48. Rxh7+
Qxh7 49. g4 fxg3 50. Qxg3 Bd7 51. Kd3 Kf7 52. Qg2 Bd8 53. Be3 Qh4 54. Bf2 Qh6
55. Be3 Bf6 56. Kd2 Qg6 57. Kd3 Kg7 58. Kd2 g4 59. fxg4 Bg5 60. Qf3 Qf6 61. Kd3
Bf4 62. Qh3 Be8 63. g5 Qxg5 64. Bf2 Bc1 65. Qg4 Kf8 66. Qxg5 Bxg5 67. Bg4 Ke7 1/2-1/2

[Event "TCh-FRA Top 12 2018"]
[Site "Brest FRA"]
[Date "2018.06.05"]
[Round "11.6"]
[Board "6"]
[White "Sokolov, Andrei1"]
[Black "Dionisi, Thomas"]
[Result "1/2-1/2"]
[WhiteTitle "GM"]
[BlackTitle "FM"]
[WhiteElo "2489"]
[BlackElo "2399"]
[WhiteTeam "MULHOUSE Philidor"]
[BlackTeam "C.E. de BOIS COLOMBES"]
[WhiteFideId "627089"]
[BlackFideId "651893"]
[EventDate "2018.05.26"]

1. e4 e5 2. Nf3 Nc6 3. Bb5 Nge7 4. O-O g6 5. c3 a6 6. Ba4 Bg7 7. d4 exd4 8. cxd4
b5 9. Bb3 O-O 10. d5 Na5 11. Bd2 c5 12. d6 Nec6 13. Nc3 Nxb3 14. axb3 Bb7 15.
Nd5 Nd4 16. Ne7+ Kh8 17. Nxd4 Bxd4 18. Bc3 Qb6 19. b4 f6 20. Qd2 Rf7 21. Rad1
Bxc3 22. Qxc3 cxb4 23. Qxb4 a5 24. Qd4 Ra6 25. Rd2 Qxd4 26. Rxd4 Rf8 27. Rc1 Rb6
28. f3 Kg7 29. Rc7 Rd8 30. f4 Kf7 31. f5 a4 32. Rb4 Ba6 33. Rd4 Bb7 34. Nd5 Bxd5
35. Rxd5 b4 36. Kf2 gxf5 37. exf5 a3 38. bxa3 b3 39. Rd1 b2 40. Rb1 Kf8 41. Rc2
Rdb8 42. g3 Rb3 43. Kg2 R8b6 44. a4 Rxd6 45. Rbxb2 Rxb2 46. Rxb2 Ra6 47. Rb4 Ra5
48. Rf4 Ke7 49. Rh4 Kd6 50. Rxh7 Rxa4 51. h4 Ke5 52. Rxd7 Kxf5 53. Rg7 Rg4 54.
Rxg4 Kxg4 55. Kf2 f5 56. Kg2 f4 57. gxf4 Kxf4 58. h5 Kg5 59. h6 Kxh6 1/2-1/2

[Event "TCh-FRA Top 12 2018"]
[Site "Brest FRA"]
[Date "2018.06.05"]
[Round "11.6"]
[Board "7"]
[White "Travadon, Loic"]
[Black "Burri, Quentin"]
[Result "1/2-1/2"]
[WhiteTitle "FM"]
[BlackTitle "FM"]
[WhiteElo "2377"]
[BlackElo "2434"]
[WhiteTeam "C.E. de BOIS COLOMBES"]
[BlackTeam "MULHOUSE Philidor"]
[WhiteFideId "26092131"]
[BlackFideId "26028654"]
[EventDate "2018.05.26"]

1. d4 d5 2. c4 c6 3. cxd5 cxd5 4. Nc3 Nf6 5. Nf3 Nc6 6. Bf4 a6 7. Ne5 Bd7 8. e3
e6 9. Bd3 Be7 10. O-O O-O 11. Rc1 Rc8 12. Qf3 Nxe5 13. Bxe5 Bc6 14. Rc2 Nd7 15.
Bg3 Nb6 16. b3 Nd7 17. Qe2 Nf6 18. Bh4 Ne8 19. Bxe7 Qxe7 20. Na4 Nd6 21. Nc5 Bb5
22. Rfc1 Rc7 23. Bxb5 Nxb5 24. a4 Nd6 25. Nd3 Rfc8 26. Rxc7 Rxc7 27. Qb2 Qd8 28.
Rxc7 Qxc7 29. Qc1 Qxc1+ 30. Nxc1 Kf8 31. Kf1 Ke7 32. Ke2 Kd7 33. Nd3 Kc6 34. Kd2
b6 35. Nb4+ Kb7 36. Nd3 Kc6 37. Nb4+ Kb7 38. Nd3 Kc6 39. Nb4+ 1/2-1/2

[Event "TCh-FRA Top 12 2018"]
[Site "Brest FRA"]
[Date "2018.06.05"]
[Round "11.6"]
[Board "8"]
[White "Haussernot, Cecile"]
[Black "Leconte, Maria"]
[Result "1/2-1/2"]
[WhiteTitle "WIM"]
[BlackTitle "WGM"]
[WhiteElo "2189"]
[BlackElo "2208"]
[WhiteTeam "MULHOUSE Philidor"]
[BlackTeam "C.E. de BOIS COLOMBES"]
[WhiteFideId "601632"]
[BlackFideId "618446"]
[EventDate "2018.05.26"]

1. e4 c5 2. Nf3 Nc6 3. Bb5 Nf6 4. Nc3 Qc7 5. O-O Nd4 6. Nxd4 cxd4 7. Nd5 Nxd5 8.
exd5 a6 9. Ba4 b5 10. Bb3 d6 11. Qf3 g6 12. d3 Bg7 13. Re1 O-O 14. Bg5 e5 15.
dxe6 Bxe6 16. Bf6 Rae8 17. Qf4 Qc5 18. Bxg7 1/2-1/2